banner-ar

بيت برناردا البا (مسرحية من ثلاث فصول) / (Record no. 44176)

MARC details
000 -الفاتح
حقل البيانات ثابتة الطول 00769nam a2200229Ia 4500
008 - عناصر البيانات ثابتة الطول - معلومات عامة
حقل البيانات ثابتة الطول 140319s9999 xx 000 0 ara d
040 ## - مصدر الفهرسة
وكالة الفهرسة الأصلية GCL /
وكالة النسخ GCL
082 04 - رقم تصنيف ديوى العشرى
رقم التصنيف 822
رقم المادة ل ب
100 1# - المدخل الرئيسى - إسم شخصى
الإسم الشخصى لطفى عبدالبديع
245 10 - بيان العنوان
العنوان بيت برناردا البا (مسرحية من ثلاث فصول) /
بيان المسئوليه,etc لطفى عبدالبديع
700 1# - المدخل الاضافى - اسم شخصى
الإسم الشخصى محمود على مكى
700 1# - المدخل الاضافى - اسم شخصى
الإسم الشخصى لوركا
700 1# - المدخل الاضافى - اسم شخصى
الإسم الشخصى فيربريكو غرسية
300 ## - الوصف المادى
التعداد 155
490 ## - بيان السلسلة
عنوان السلسلة روائع المسرح العالمى
رقم المجلد/ التعيين التسلسلي 0
650 04 - المدخل الاضافى بالموضوع-مصطلح موضوعى
مصطلح موضوعي المسرحيات الانجليزية
650 04 - المدخل الاضافى بالموضوع-مصطلح موضوعى
مصطلح موضوعي الادب العالمى
650 04 - المدخل الاضافى بالموضوع-مصطلح موضوعى
مصطلح موضوعي المسرحيات الانجليزية المترجمة
650 04 - المدخل الاضافى بالموضوع-مصطلح موضوعى
مصطلح موضوعي المسرح العالمى
942 ## - عناصر المدخل الإضافي( كوها)
مصدر التصنيف او مخطط الترفيف Dewey Decimal Classification
Koha [default] item type كتاب
Holdings
حالة التراجع حالة الفقد حالة تلف ليس للاعارة المكان المؤقت الموقع الحالى تاريخ الاكتساب اجمالي اﻻعارات رقم الطلب الباركود تاريخ اخر مشاهدة تاريخ تفعيل السعر نوع وعاء كوها
        مكتبة القاهرة الكبرى مكتبة القاهرة الكبرى 03/26/2014   822\ل ب 107294 03/26/2014 03/26/2014 كتاب

Powered By

EGPV